Southville International School and Colleges
Your cart is empty.
  • Cart
  • Lists
    Public lists Eva Luna New books Lux_list list_1
    Your lists Log in to create your own lists
  • Log in to your account
  • Your cookies
  • Search history
Southville International School and Colleges
  • Advanced search
  • Recent comments
  • Most popular
  • Libraries

Log in to your account

Log in with GOOGLE


If you do not have an external account, but do have a local account, you can still log in:

  1. Home
  2. MARC view: Daluyong /
Normal view MARC view ISBD view

Daluyong / (Record no. 293578)

[ view plain ]
MARC details
000 -LEADER
fixed length control field 00491nam a2200193Ia 4500
008 - FIXED-LENGTH DATA ELEMENTS--GENERAL INFORMATION
fixed length control field 160418s9999 xx 000 0 und d
020 ## - INTERNATIONAL STANDARD BOOK NUMBER
International Standard Book Number 971-550-157-5
050 ## - LIBRARY OF CONGRESS CALL NUMBER
Classification number FIL PL 6058.8
050 ## - LIBRARY OF CONGRESS CALL NUMBER
Item number .F73 1995
100 ## - MAIN ENTRY--PERSONAL NAME
Personal name Francisco, Lazaro.
245 ## - TITLE STATEMENT
Title Daluyong /
245 ## - TITLE STATEMENT
Statement of responsibility, etc Lazaro Francisco.
260 ## - PUBLICATION, DISTRIBUTION, ETC. (IMPRINT)
Place of publication, distribution, etc Quezon City:
260 ## - PUBLICATION, DISTRIBUTION, ETC. (IMPRINT)
Name of publisher, distributor, etc Ateneo De Manila University Press,
260 ## - PUBLICATION, DISTRIBUTION, ETC. (IMPRINT)
Date of publication, distribution, etc 1995
300 ## - PHYSICAL DESCRIPTION
Extent 383 pages :
300 ## - PHYSICAL DESCRIPTION
Dimensions 18 cm.
650 ## - SUBJECT ADDED ENTRY--TOPICAL TERM
Topical term or geographic name as entry element Philippine fiction (Tagalog).
Holdings
Withdrawn status Lost status Damaged status Home library Current library Shelving location Date acquired Cost, normal purchase price Total Checkouts Full call number Barcode Date last seen Price effective from Koha item type
      South Mansfield College South Mansfield College Filipiniana Section 03/07/2005 275.00   FIL PL 6058.8 .F73 1995 SMC01563 04/18/2016 04/18/2016  

Daluyong /

APA

Francisco L., .Daluyong. Quezon City: .

Chicago

Francisco Lazaro, .Daluyong. Quezon City: .

Harvard

Francisco L., .Daluyong. Quezon City: .

MLA

Francisco Lazaro, .Quezon City: . .

  • Place hold
  • Print
  • Cite
  • Add to your cart (remove)
  • Save record
    BIBTEX Dublin Core MARCXML MARC (non-Unicode/MARC-8) MARC (Unicode/UTF-8) MARC (Unicode/UTF-8, Standard) MODS (XML) RIS
  • More searches
    Search for this title in:
    Other Libraries (WorldCat) Other Databases (Google Scholar) Online Stores (Bookfinder.com) Open Library (openlibrary.org)

Exporting to Dublin Core...

SOUTHVILLE LIBRARY

Southville International School and Colleges Library

1281 Tropical Ave. Cor. Luxembourg St., BF Homes International, Las Pinas City

Tel. No. 8256374 / 252358 Loc. 117/146

Powered by Koha